Killer Facebook ads (Record no. 5009)

MARC details
000 -CABECERA
campo de control de longitud fija 02887cam a2200301 a 4500
001 - NÚMERO DE CONTROL
campo de control 16800946
005 - FECHA Y HORA DE LA ÚLTIMA TRANSACCIÓN
campo de control 20260512150114.0
008 - DATOS DE LONGITUD FIJA--INFORMACIÓN GENERAL
campo de control de longitud fija 110527s2011 inua 001 0 eng
010 ## - NÚMERO DE CONTROL DE LA BIBLIOTECA DEL CONGRESO
Número de control de LC 2011022697
016 7# - NÚMERO DE CONTROL DE UNA AGENCIA BIBLIOGRÁFICA NACIONAL
Número de control del registro 015790021
Fuente Uk
020 ## - NÚMERO INTERNACIONAL ESTÁNDAR DEL LIBRO
Número Internacional Estándar del Libro 9781118022511
Información calificativa pbk.
020 ## - NÚMERO INTERNACIONAL ESTÁNDAR DEL LIBRO
Número Internacional Estándar del Libro 1118022513
Información calificativa pbk.
035 ## - NÚMERO DE CONTROL DEL SISTEMA
Número de control de sistema 16800946
035 ## - NÚMERO DE CONTROL DEL SISTEMA
Número de control de sistema (OCoLC)701015001
040 ## - FUENTE DE LA CATALOGACIÓN
Centro catalogador/agencia de origen DLC
Centro/agencia transcriptor DLC
Centro/agencia modificador YDX
-- BTCTA
-- YDXCP
-- ORX
-- UKMGB
-- BWX
-- CDX
-- DLC
041 ## - CÓDIGO DE LENGUA
Código de lengua del texto/banda sonora o título independiente English
042 ## - CÓDIGO DE AUTENTICACIÓN
Código de autenticación pcc
050 00 - SIGNATURA TOPOGRÁFICA DE LA BIBLIOTECA DEL CONGRESO
Número de clasificación HF6146.I58
Número de documento/Ítem W45 2011
100 ## - ENTRADA PRINCIPAL--NOMBRE DE PERSONA
Nombre de persona Weintraub, Marty,
Fechas asociadas al nombre 1959-
245 10 - MENCIÓN DE TÍTULO
Título Killer Facebook ads
Resto del título : master cutting-edge Facebook advertising techniques
Mención de responsabilidad, etc. / Marty Weintraub.
260 ## - PUBLICACIÓN, DISTRIBUCIÓN, ETC.
Lugar de publicación, distribución, etc. Indianapolis, IN :
Nombre del editor, distribuidor, etc. John Wiley & Sons, Inc.,
Fecha de publicación, distribución, etc. 2011.
300 ## - DESCRIPCIÓN FÍSICA
Extensión xxii, 263 pages :
Otras características físicas illustrations ;
Dimensiones 24 cm.
500 ## - NOTA GENERAL
Nota general Includes index.
520 ## - SUMARIO, ETC.
Sumario, etc. Expert Facebook advertising techniques you won't find anywhere else!Facebook has exploded to a community of more than half a billion people around the world, making it a deliciously fertile playground for marketers on the cutting edge. Whether you want to leverage Facebook Ads to generate "Likes," promote events, sell products, market applications, deploy next-gen PR, ,this unique guide is the ultimate resource on Facebook's wildly successful pay-per-click advertising platform. Featuring clever workarounds, unprecedented tricks, and little-known tips for triumphant Facebook advertising, it's a must-have on the online marketer's bookshelf. Facebook advertising expert Marty Weintraub shares undocumented how-to advice on everything from targeting methods, advanced advertising techniques, writing compelling ads, launching a campaign, monitoring and optimizing campaigns, and tons more.Killer Facebook Ads serves up immediately actionable tips & tactics that span the gambit. Learn what Facebook ads are good for, how to set goals, and communicate clear objectives to your boss and stakeholders. Master highly focused demographic targeting on Facebook's social graph. Zero in on relevant customers now. Get extraordinary advice for using each available ad element--headline, body text, images, logos, etc.--for maximum effect How to launch a Facebook advertising campaign and crucial monitoring and optimizing techniques Essential metrics and reporting considerations Captivating case studies drawn from the author's extensive Facebook advertising experience, highlighting lessons from challenges and successes Tasty bonus: a robust targeting appendix jam-packed with amazing targeting combos Packed with hands-on tutorials and expert-level techniques and tactics for executing an effective advertising campaign, this one-of-a-kind book is sure to help you develop, implement, measure, and maintain successful Facebook ad campaigns.
630 #0 - PUNTO DE ACCESO ADICIONAL DE MATERIA--TÍTULO UNIFORME
Título uniforme B3 DM Paid & Social Advertising (BiM)
9 (RLIN) 26974
650 #0 - PUNTO DE ACCESO ADICIONAL DE MATERIA--TÉRMINO DE MATERIA
Término de materia o nombre geográfico como elemento de entrada Internet advertising
9 (RLIN) 8759
942 ## - ELEMENTOS DE ENTRADA AGREGADA (KOHA)
Fuente del sistema de clasificación o colocación Clasificación de Library of Congress
Holdings
Estado de retiro Estado de pérdida Fuente del sistema de clasificación o colocación Estado dañado No para préstamo Código de colección Biblioteca de origen Biblioteca actual Fecha de adquisición Total de préstamos Signatura topográfica completa Código de barras Fecha visto por última vez Número de copia Precio válido a partir de Tipo de ítem Koha
    Clasificación de Library of Congress     Core Textbooks TBS Barcelona TBS Barcelona 07/10/2025   HF6146.I58 WEI B05707 07/10/2025 1 07/10/2025 Book

Powered by Koha